000 00288nam a22001217a 4500
040 _cSY
082 _a630
100 _aNEANG SOKHORN; នាង សុឃន
245 _aផ្សព្វផ្សាយកសិកម្ម
260 _aRUA
_bNEA
_c2011
300 _a40p.
942 _cKB
999 _c9430
_d9430